Top 100 Greatest TV Shows of All Time - Statistics

General Stats
  • This quiz has been taken 3,142 times
  • The average score is 15 of 100
Answer Stats
# Answer % Correct
26 Friends
77%
3 Breaking Bad
71%
12 Game of Thrones
57%
1 The Sopranos
55%
6 The Simpsons
52%
5 Seinfeld
48%
21 The Office (U.K.)
43%
48 The Office (U.S.)
43%
2 The Wire
37%
20 Cheers
36%
39 Lost
32%
16 M*A*S*H
31%
77 The Walking Dead
31%
33 South Park
29%
50 ER
28%
32 I Love Lucy
28%
8 Saturday Night Live
25%
36 Law & Order
24%
4 Mad Men
23%
98 The Golden Girls
22%
9 All in the Family
21%
81 Dallas
19%
62 Sex and the City
19%
18 Star Trek
19%
28 The X-Files
19%
83 House of Cards
17%
99 Oz
17%
46 The Mary Tyler Moore Show
17%
7 The Twilight Zone
17%
15 The West Wing
17%
65 Happy Days
16%
37 Orange Is the New Black
16%
17 Twin Peaks
16%
27 Arrested Development
15%
82 The Jeffersons
15%
55 Six Feet Under
14%
56 24
13%
38 Buffy the Vampire Slayer
13%
87 Doctor Who
13%
30 The Tonight Show With Johnny Carson
13%
34 30 Rock
12%
19 Curb Your Enthusiasm
12%
70 Roseanne
12%
90 The Dick Van Dyke Show
12%
66 Downton Abbey
11%
42 NYPD Blue
11%
31 Sesame Street
11%
49 Taxi
11%
41 The Honeymooners
11%
59 Hill Street Blues
10%
94 Jeopardy
10%
25 Veep
10%
92 American Idol
9%
57 Fawlty Towers
9%
13 Late Night With David Letterman
9%
23 Deadwood
8%
51 Fargo
8%
11 Freaks and Geeks
8%
96 Gunsmoke
8%
76 Late Night With Conan O'Brien
8%
86 Good Times
7%
89 Homeland
7%
29 Monty Python's Flying Circus
7%
10 The Daily Show
7%
45 Battlestar Galactica
6%
44 Columbo
6%
24 Friday Night Lights
6%
53 The Bob Newhart Show
6%
40 The Shield
6%
63 The Wonder Years
6%
43 The Americans
5%
54 The Muppet Show
5%
60 Beavis and Butt-Head
4%
72 Girls
4%
79 In Living Color
4%
35 My So-Called Life
4%
52 The Colbert Report
4%
69 The Ed Sullivan Show
4%
14 The Larry Sanders Show
4%
67 The Odd Couple
4%
58 Roots
3%
80 The Fugitive
3%
85 The Real World
3%
47 The Rockford Files
3%
75 American Crime Story: The People vs. O.J. Simpson
2%
91 Broad City
2%
100 Eastbound and Down
2%
95 Key & Peele
2%
22 Louie
2%
71 Mr. Show
2%
97 Portlandia
2%
84 Real Time With Bill Maher
2%
74 The Ren & Stimpy Show
2%
78 Thirtysomething
2%
73 Transparent
2%
61 Your Show of Shows
2%
64 Chappelle's Show
1%
93 Mystery Science Theater 3000
1%
88 Party Down
1%
68 The State
1%
No matching quizzes found
Score Distribution
Percent of People with Each Score
Percentile by Number Answered
Your Score History
You have not taken this quiz